<?xml version="1.0" encoding="UTF-8"?>
<record
    xmlns:xsi="http://www.w3.org/2001/XMLSchema-instance"
    xsi:schemaLocation="http://www.loc.gov/MARC21/slim http://www.loc.gov/standards/marcxml/schema/MARC21slim.xsd"
    xmlns="http://www.loc.gov/MARC21/slim">

  <leader>00957nam a2200253 a 4500</leader>
  <controlfield tag="001">BRCA_4779</controlfield>
  <controlfield tag="005">20190320204813.0</controlfield>
  <controlfield tag="008">081010s1964----ag-af#####---#000-0#spa-#</controlfield>
  <datafield tag="041" ind1=" " ind2=" ">
    <subfield code="a">spa</subfield>
  </datafield>
  <datafield tag="044" ind1=" " ind2=" ">
    <subfield code="a">ag</subfield>
  </datafield>
  <datafield tag="050" ind1=" " ind2="4">
    <subfield code="a">ND553</subfield>
    <subfield code="b">.P56</subfield>
    <subfield code="c">1964</subfield>
  </datafield>
  <datafield tag="245" ind1="1" ind2="0">
    <subfield code="a">Juan Mir&#xF3;</subfield>
    <subfield code="c">monograf&#xED;a por Sir Roland Penrose ; traducci&#xF3;n por Angel S&#xE1;nchez Gij&#xF3;n ; enfoque de actualidad, por Jorge Larco.</subfield>
  </datafield>
  <datafield tag="260" ind1=" " ind2=" ">
    <subfield code="a">Argentina</subfield>
    <subfield code="b">Codex</subfield>
    <subfield code="c">c1964</subfield>
  </datafield>
  <datafield tag="300" ind1=" " ind2=" ">
    <subfield code="a">1 v. (sin paginaci&#xF3;n)</subfield>
    <subfield code="b">il., 16 l&#xE1;minas a color</subfield>
    <subfield code="c">36 cm.</subfield>
  </datafield>
  <datafield tag="440" ind1=" " ind2="0">
    <subfield code="a">Pinacoteca de los genios : la m&#xE1;s grandiosa colecci&#xF3;n de arte del mundo</subfield>
    <subfield code="v">136</subfield>
    <subfield code="9">12078</subfield>
  </datafield>
  <datafield tag="501" ind1=" " ind2=" ">
    <subfield code="a">Incluye &#xED;ndice de ilustraciones y n&#xF3;mina de pintores publicados en pinacoteca de los genios</subfield>
  </datafield>
  <datafield tag="600" ind1="1" ind2="4">
    <subfield code="a">Mir&#xF3;, Juan</subfield>
    <subfield code="d">1935-1983</subfield>
    <subfield code="9">12079</subfield>
  </datafield>
  <datafield tag="650" ind1="1" ind2="4">
    <subfield code="a">Pintura</subfield>
    <subfield code="9">2498</subfield>
  </datafield>
  <datafield tag="650" ind1="1" ind2="4">
    <subfield code="a">Arte</subfield>
    <subfield code="9">12080</subfield>
  </datafield>
  <datafield tag="700" ind1="1" ind2=" ">
    <subfield code="a">Penrose, Sir Roland</subfield>
    <subfield code="9">12081</subfield>
  </datafield>
  <datafield tag="700" ind1="1" ind2=" ">
    <subfield code="a">Larco, Jorge</subfield>
    <subfield code="9">12082</subfield>
  </datafield>
  <datafield tag="700" ind1="1" ind2=" ">
    <subfield code="a">S&#xE1;nchez Gij&#xF3;n, Angel</subfield>
    <subfield code="e">tr.</subfield>
    <subfield code="9">12083</subfield>
  </datafield>
  <datafield tag="942" ind1=" " ind2=" ">
    <subfield code="2">lcc</subfield>
    <subfield code="c">B</subfield>
  </datafield>
  <datafield tag="999" ind1=" " ind2=" ">
    <subfield code="c">4476</subfield>
    <subfield code="d">4476</subfield>
  </datafield>
  <datafield tag="952" ind1=" " ind2=" ">
    <subfield code="0">0</subfield>
    <subfield code="1">0</subfield>
    <subfield code="4">0</subfield>
    <subfield code="7">0</subfield>
    <subfield code="a">BRCA</subfield>
    <subfield code="b">BRCA</subfield>
    <subfield code="d">2010-10-08</subfield>
    <subfield code="l">0</subfield>
    <subfield code="o">ND553 .P56 1964</subfield>
    <subfield code="p">00638</subfield>
    <subfield code="r">2019-03-22 00:00:00</subfield>
    <subfield code="w">2019-03-22</subfield>
    <subfield code="y">B</subfield>
  </datafield>
</record>
